000 00284nam a2200121Ia 4500
008 190802s9999 xx 000 0 und d
020 _a978-1-444-77581-5
100 _aFredrik Backman
245 2 _aA Man Called Ove
260 _aLondon
_bSceptre
_c2015
300 _a295:p
942 _cBK
999 _c2390
_d2390